[Event "Tenerife-chT3 1718"]
[Site "Tenerife"]
[Date "2018.05.05"]
[Round "17.2"]
[White "Septien Lopez, Valeriano"]
[Black "Gonzalez Borges, Gabriel"]
[Result "1-0"]
[WhiteElo "1873"]
[BlackElo "1008"]
[PlyCount "21"]
[EventDate "2017.11.11"]
[EventType "team-tourn"]
[EventRounds "18"]
[EventCountry "ESP"]
[SourceTitle "EXT 2021"]
[Source "ChessBase"]
[SourceDate "2020.10.23"]
[SourceVersion "1"]
[SourceVersionDate "2020.10.23"]
[SourceQuality "1"]
[WhiteTeam "El Sauzal Gofio Plus"]
[BlackTeam "Escaque A2 Colegio la Salle"]
[WhiteTeamCountry "ESP"]
[BlackTeamCountry "ESP"]

1. e4 e5 2. Nf3 f6 3. Nxe5 fxe5 4. Qh5+ Ke7 5. Qxe5+ Kf7 6. Bc4+ Kg6 7. h4 h5 8. Qf5+ Kh6 9. d4+ g5 10. Bxg5+ Kg7 11. Qf7# 1-0

[Event "Tenerife-chT3 1718"]
[Site "Tenerife"]
[Date "2018.02.24"]
[Round "10.4"]
[White "Garate Correia, Tiago"]
[Black "Gonzalez Borges, Gabriel"]
[Result "1-0"]
[WhiteElo "1335"]
[BlackElo "1008"]
[PlyCount "85"]
[EventDate "2017.11.11"]
[EventType "team-tourn"]
[EventRounds "18"]
[EventCountry "ESP"]
[SourceTitle "EXT 2019"]
[Source "ChessBase"]
[SourceDate "2018.10.10"]
[SourceVersion "1"]
[SourceVersionDate "2018.10.10"]
[SourceQuality "1"]
[WhiteTeam "Playa San Juan III"]
[BlackTeam "Escaque A2 Colegio la Salle"]
[WhiteTeamCountry "ESP"]
[BlackTeamCountry "ESP"]

1. e4 e5 2. Nf3 Nc6 3. Bc4 d6 4. 0-0 Nf6 5. Ng5 Bg4 6. f3 Bh5 7. Nxf7 Qc8 8. Nxh8 Qd7 9. h3 0-0-0 10. d3 g6 11. Nf7 Re8 12. Bg5 Ng8 13. Nc3 Be7 14. f4 h6 15. fxe5 hxg5 16. exd6 cxd6 17. Qd2 g4 18. hxg4 Bxg4 19. Nd5 Bh4 20. g3 Bxg3 21. Qg5 Be2 22. Qxg3 Bxf1 23. Kxf1 Rf8 24. Nf4 Nb4 25. Nxg6 Re8 26. c3 Nc2 27. Rc1 Ne3+ 28. Qxe3 Ne7 29. Nxe7+ Rxe7 30. Qh6 Qe8 31. Be6+ Kb8 32. d4 Rxf7+ 33. Bxf7 Qxf7+ 34. Ke2 d5 35. exd5 Qxd5 36. Qe3 Qxa2 37. Qd2 Qd5 38. c4 Qxc4+ 39. Qd3 Qe6+ 40. Kd2 Qc6 41. Qg3+ Ka8 42. Qg8+ Qc8 43. Rxc8# 1-0

[Event "Tenerife-chT3 1718"]
[Site "Tenerife"]
[Date "2017.11.18"]
[Round "2.3"]
[White "Mora Orta, Alvaro"]
[Black "Gonzalez Borges, Gabriel"]
[Result "1-0"]
[WhiteElo "1239"]
[BlackElo "1008"]
[PlyCount "65"]
[EventDate "2017.11.11"]
[EventType "team-tourn"]
[EventRounds "18"]
[EventCountry "ESP"]
[SourceTitle "EXT 2019"]
[Source "ChessBase"]
[SourceDate "2018.10.10"]
[SourceVersion "1"]
[SourceVersionDate "2018.10.10"]
[SourceQuality "1"]
[WhiteTeam "Piratas La Orotava"]
[BlackTeam "Escaque A2 Colegio la Salle"]
[WhiteTeamCountry "ESP"]
[BlackTeamCountry "ESP"]

1. e4 e5 2. Nf3 f6 3. d4 exd4 4. Nxd4 Bc5 5. Nc3 Bxd4 6. Qxd4 Ne7 7. Bc4 g6 8. Be3 Na6 9. Qxf6 Rf8 10. Qh4 Nc6 11. Qxd8+ Kxd8 12. Bh6 Rh8 13. Bg7 Rg8 14. Bxg8 d6 15. 0-0 Bg4 16. f3 Bh5 17. Bf6+ Ne7 18. Nd5 Kd7 19. Nxe7 c5 20. Bd5 Rb8 21. g4 Bxg4 22. fxg4 g5 23. Bxg5 c4 24. Nc6 Rh8 25. Nxa7 Nb8 26. Rf7+ Ke8 27. Bf6 Rg8 28. Re7+ Kf8 29. Bxg8 Kxg8 30. Re8+ Kf7 31. Rxb8 Kxf6 32. Rf1+ Ke6 33. Nb5 1-0